| 000 | nam a22 7a 4500 | ||
|---|---|---|---|
| 999 |
_c52069 _d52069 |
||
| 003 | OSt | ||
| 005 | 20220603144048.0 | ||
| 008 | 220603b xxu||||| |||| 00| 0 eng d | ||
| 040 | _cIIMT UNIVERSITY MEERUT | ||
| 100 | _aGARG, R.N. | ||
| 245 | _aELEMENTARY WORKSHOP TECHNOLOGY (HINDI) | ||
| 260 |
_aMEERUT _bARIHANT PRAKASHAN |
||
| 300 | _a544 | ||
| 942 |
_2ddc _c09 |
||